Dzielnice Gdańska według ulic - Statystyki

Ogólne statystyki
  • Ten quiz został rozwiązany 113 razy
  • Średni wynik to 9 z 50
Statystyki odpowiedzi
Hint Odpowiedź % Poprawnych
Mariacka Śródmieście
63%
Startowa Zaspa-Młyniec
53%
Obrońców Wybrzeża Przymorze Wielkie
52%
Beethovena Suchanino
51%
Pilotów Zaspa-Młyniec
51%
Matejki Wrzeszcz Górny
40%
Warszawska Ujeścisko-Łostowice
37%
Dragana Chełm
34%
Czyżewskiego Oliwa
29%
Leszczyńskich Zaspa-Rozstaje
29%
Sopocka Osowa
26%
Lenartowicza Przeróbka
25%
Rybołówców Nowy Port
24%
Rzeźnicka Śródmieście
20%
Leczkowa Wrzeszcz Dolny
20%
Helska Żabianka
18%
Smęgorzyńska Kokoszki
17%
Podgarbarna Śródmieście
16%
Śniadeckich Aniołki
13%
Maki Olszynka
13%
Kmieca Strzyża
13%
Hebanowskiego Chełm
12%
Kadetów Matarnia
12%
Okrąg Młyniska
12%
Skiby Stogi
12%
Ogrodowa Brętowo
10%
Starowiejska Letnica
10%
Ikara Matarnia
10%
Zagroble Rudniki
10%
Pniewskiego Wrzeszcz Górny
10%
Nowiec Brętowo
9%
Miła Brzeźno
9%
Kwietna Oliwa
9%
Wąskotorowa Olszynka
9%
Niegowska Orunia-Św. Wojciech-Lipce
9%
Karłowicza Strzyża
9%
Andersena Przeróbka
8%
Droszyńskiego Przymorze Małe
8%
Żylewicza Piecki-Migowo
7%
Gryglewskiego VII Dwór
6%
Bartka Wzgórze Mickiewicza
6%
Andersa Jasień
4%
Świstaka Jasień
3%
Kutnowska Krakowiec-Górki Zachodnie
3%
Czerska Orunia Górna-Gdańsk Południe
3%
Kłopot Siedlce
3%
Mehoffera VII Dwór
3%
Uzdrowiskowa Wyspa Sobieszewska
3%
Gdańskiego Kolejarza Rudniki
2%
Kościelna Siedlce
2%
Nie znaleziono quizów pasujących do podanych kryteriów
Rozkład punktacji
Procent ludzi z każdym wynikiem
Percentyl według liczby udzielonych odpowiedzi
Twoja historia wyników
Nie rozwiązałeś tego quizu